| 000 | 00510cam a2200205ua 4500 | ||
|---|---|---|---|
| 001 | 4029 | ||
| 005 | 20260515113754.0 | ||
| 008 | 111213n ii |||gr||||Z||||||asm | ||
| 020 | _a81-7339-142-4 | ||
| 040 | _cMAIN | ||
| 082 | _a891.4511 | ||
| 100 | 1 | _aSaikia, Nagen, | |
| 245 | 1 | 1 |
_aAdunik asamiya kavita manjuri _ced. by Nagen Saikia |
| 250 | _a1st. | ||
| 260 |
_aDibrugarh: _bBanalata,996. |
||
| 300 |
_a65p: _c23cm. |
||
| 653 | _aAssamese poem | ||
| 653 | _aAdunik asamiya kavita manjuri | ||
| 942 | _cBK | ||
| 999 |
_c3849 _d3849 |
||